SSC mathematics / (Record no. 196224)

MARC details
000 -LEADER
fixed length control field 00420nam a2200169 4500
005 - DATE AND TIME OF LATEST TRANSACTION
control field 20230607114847.0
010 ## - LCCN (DPL NO)
LC control number B-689611
020 ## - INTERNATIONAL STANDARD BOOK NUMBER
Terms of availability 320.00
035 ## - SYSTEM CONTROL NUMBER
System control number B-689611
082 ## - DEWEY DECIMAL CLASSIFICATION NUMBER
Classification number 510
100 ## - MAIN ENTRY--PERSONAL NAME
Personal name Yadav,Ramesh
245 ## - TITLE STATEMENT
Title SSC mathematics /
Statement of responsibility, etc by Ramesh Yadav
260 ## - PUBLICATION, DISTRIBUTION, ETC. (IMPRINT)
Name of publisher, distributor, etc Pansy Books
Place of publication, distribution, etc Delhi
270 ## - ADDRESS
Address Somesh Vihar
City Delhi
Postal code 110071
300 ## - PHYSICAL DESCRIPTION
Extent vp.
Dimensions 23cm
942 ## - ADDED ENTRY ELEMENTS (KOHA)
Source of classification or shelving scheme Dewey Decimal Classification
Item type English Books
Classification part 510
Call number suffix YAD
Holdings
Withdrawn status Lost status Not for loan Collection code Home library Current library Date acquired Cost, normal purchase price Full call number Barcode Copy number Cost, replacement price Koha item type
      Non-fiction Sarojini Nagar Sarojini Nagar 07/06/2023 320.00 510 YAD B-689611 1 320.00 English Books

© Delhi Public Library
Hit Counter
free hit counter